[Event "Challenge"]
[Site "http://www.queenalice.com/game.php?id=1866234"]
[Date "2025.11.27"]
[Round "-"]
[White "simonjscott"]
[Black "PaulMSains"]
[Result "1-0"]
[WhiteElo "2165"]
[BlackElo "2052"]

1. d4 d5 2. c4 dxc4 3. e4 e5 4. Nf3 Bd6 5. Bxc4 exd4 6. Nxd4 Ne7 7. O-O O-O 8.
Nc3 Nbc6 9. Ndb5 Be6 10. Bxe6 fxe6 11. Nxd6 Qxd6 12. Qb3 Na5 13. Qb5 Qb6 14. Qd7
Ng6 15. Be3 Qc6 16. Rad1 Ne5 17. Qe7 Rae8 18. Qh4 Nac4 19. Bc1 Rf6 20. f4 Ng6
21. Qf2 Ref8 22. g3 a6 23. Ne2 Qxe4 24. Rd4 Qc6 25. Rfd1 Nd6 26. Qg2 Qxg2+ 27.
Kxg2 e5 28. Rb4 c5 29. Rb6 Rd8 30. b3 e4 31. Ba3 Nf7 32. Rxd8+ Nxd8 33. Rxf6
gxf6 34. Bxc5 f5 35. Nd4 Kf7 36. Bb6 Ne6 37. Nc2 Ne7 38. Ne3 Nc8 39. Ba5 b6 40.
Bc3 Kg6 41. h3 h5 42. Be5 b5 43. b4 Ne7 44. a3 Kf7 45. g4 fxg4 46. hxg4 hxg4 47.
Nxg4 Nd5 48. f5 Nef4+ 49. Bxf4 Nxf4+ 50. Kf2 Nh5 51. Ne3 Ng7 52. Kg3 Ne8 53. Kf4
Nd6 54. Ke5 Ke7 55. Nd5+ Kd7 56. f6 Kc6 57. Ke6 Nb7 58. Ne7+ Kc7 59. Nf5 Nd8+
60. Ke7 Kc8 61. Nd6+ Kc7 62. Nxe4 Nc6+ 63. Ke8 Ne5 64. Nc5 Kb6 65. Nd7+ 1-0

[Event "Challenge"]
[Site "http://www.queenalice.com/game.php?id=1866353"]
[Date "2025.11.29"]
[Round "-"]
[White "PaulMSains"]
[Black "simonjscott"]
[Result "1/2-1/2"]
[WhiteElo "2041"]
[BlackElo "2174"]

1. Nf3 Nf6 2. g3 g6 3. Bg2 Bg7 4. O-O O-O 5. d3 d6 6. c4 c5 7. e4 Nc6 8. Nc3 Bg4
9. Qb3 Rb8 10. Be3 Qd7 11. Nh4 Ne5 12. d4 cxd4 13. Bxd4 Nc6 14. Be3 b6 15. Qc2
Rfc8 16. b3 Bh3 17. Rac1 Bxg2 18. Nxg2 e5 19. f4 Qb7 20. Nd5 Nxd5 21. exd5 Nb4
22. Qd2 Na6 23. f5 Nc5 24. Qc2 Qd7 25. f6 Bf8 26. Qd2 Ne4 27. Qc2 Qg4 28. Qd1
Qxd1 29. Rcxd1 Nc3 30. Rd2 Ne4 31. Rc2 a6 32. Nh4 h5 33. Kg2 Kh7 34. Kh3 Bh6 35.
Bxh6 Kxh6 36. g4 Ng5+ 37. Kg3 Re8 38. Nf3 e4 39. Nxg5 Kxg5 40. h4+ Kh6 41. g5+
Kh7 42. Re2 Re5 43. Rfe1 Rbe8 44. Re3 b5 45. Kf2 Rf5+ 46. Kg3 Rfe5 47. Rf1 bxc4
48. bxc4 Rc8 49. Rc1 Rxd5 50. Rxe4 Rd2 51. Re7 Kg8 52. Rd7 d5 53. c5 Kf8 54. Rd6
Rxa2 55. Rxd5 Re2 56. Ra1 Re6 57. Ra5 Ke8 58. Kf4 Rcc6 59. Re5 Kd7 60. Ke4 Kc7
61. Kd5 Kb7 62. Re4 Kc7 1/2-1/2

[Event "Challenge"]
[Site "http://www.queenalice.com/game.php?id=1866669"]
[Date "2025.12.7"]
[Round "-"]
[White "simonjscott"]
[Black "PaulMSains"]
[Result "1-0"]
[WhiteElo "2170"]
[BlackElo "2046"]

1. d4 d5 2. c4 dxc4 3. e4 e5 4. Nf3 exd4 5. Bxc4 Bb4+ 6. Bd2 Bxd2+ 7. Nbxd2 Nc6
8. O-O Bg4 9. Qb3 Be6 10. Bxe6 fxe6 11. Qxe6+ Qe7 12. Qc4 O-O-O 13. Rac1 Qd6 14.
Nb3 Nge7 15. Rfd1 Qb4 16. Nfxd4 Qxc4 17. Rxc4 Ne5 18. Rc5 N7c6 19. f4 Ng6 20. g3
Nge7 21. Rdc1 Rd7 22. Ne6 g6 23. Na5 Nxa5 24. Rxc7+ Rxc7 25. Rxc7+ Kb8 26. Rxe7
Nc4 27. Nc5 b6 28. Na6+ Ka8 29. b3 Nd6 30. Kf2 Rc8 31. Nc7+ Kb8 32. Nd5 Rc2+ 33.
Kf3 Rxh2 34. Rd7 Nb5 35. e5 Kc8 36. e6 Nd4+ 37. Kg4 Nxe6 38. Rxa7 h5+ 39. Kf3 g5
40. Nxb6+ Kb8 41. Rh7 gxf4 42. gxf4 Rxa2 43. Rxh5 Nd4+ 44. Ke3 Nxb3 45. Rb5 Na5
46. Nc4+ Nb7 47. Nd6 Ra7 48. Rxb7+ Rxb7 49. Nxb7 Kxb7 50. Ke4 Kc7 51. Kf5 Kd8
52. Kf6 Kd7 53. Kf7 Kd8 54. f5 Kd7 55. Kg7 1-0

[Event "Challenge"]
[Site "http://www.queenalice.com/game.php?id=1866842"]
[Date "2025.12.9"]
[Round "-"]
[White "PaulMSains"]
[Black "simonjscott"]
[Result "1/2-1/2"]
[WhiteElo "2035"]
[BlackElo "2178"]

1. d4 Nf6 2. Bf4 e6 3. c3 b6 4. Nf3 Bb7 5. e3 Be7 6. Be2 O-O 7. O-O d6 8. Nbd2
Nh5 9. h3 Nxf4 10. exf4 Nd7 11. Nh2 Nf6 12. g3 Qd7 13. Bf3 Bxf3 14. Qxf3 d5 15.
Qg2 Qb5 16. Nb3 c5 17. f3 c4 18. Nc1 h6 19. b3 Rfd8 20. a4 Qc6 21. b4 b5 22. a5
a6 23. g4 Nh7 24. Ne2 Qc7 25. Qg3 Bd6 26. Kf2 Ng5 27. h4 Nh7 28. Ke3 f6 29. Qh3
Re8 30. Rh1 e5 31. fxe5 Bxe5 32. Kf2 Bf4 33. Nf1 Nf8 34. Nxf4 Qxf4 35. Qg3 Ne6
36. Qxf4 Nxf4 37. Rh2 Ne2 38. Ra3 Re6 39. Ne3 Nf4 40. Kg3 g5 41. Nf5 Rae8 42.
Nxh6+ Kf8 43. hxg5 fxg5 44. Nf5 Ng6 45. Rh5 Ne7 46. Rxg5 Nxf5+ 47. Rxf5+ Kg7 48.
Rxd5 Re3 49. Kf4 Rd3 50. Re5 Rf8+ 51. Rf5 Re8 52. Rc5 Rf8+ 53. Kg5 Rfxf3 54.
Rc7+ Kf8 55. Kg6 Rxd4 56. g5 Rd6+ 57. Kh5 Rh3+ 58. Kg4 Rdd3 59. g6 Rhg3+ 60. Kf5
Rdf3+ 61. Ke5 Rxg6 62. Rc8+ Ke7 63. Rc7+ Kd8 64. Ra7 Rh3 65. Ra8+ Kc7 66. Rf8
Rh5+ 67. Rf5 Rhh6 68. Ra2 Re6+ 69. Kf4 Rh3 70. Rc2 Rd3 71. Re5 Kd6 72. Rxe6+
1/2-1/2

[Event "Challenge"]
[Site "http://www.queenalice.com/game.php?id=1867249"]
[Date "2025.12.18"]
[Round "-"]
[White "simonjscott"]
[Black "PaulMSains"]
[Result "1-0"]
[WhiteElo "2174"]
[BlackElo "2041"]

1. d4 d5 2. c4 Bf5 3. Nf3 Bxb1 4. Rxb1 e6 5. Bf4 Bd6 6. Bxd6 Qxd6 7. c5 Qd8 8.
e3 Nc6 9. Bb5 Ne7 10. Ne5 O-O 11. Nxc6 Nxc6 12. Bxc6 bxc6 13. Qa4 Qd7 14. Ke2 f5
15. g3 g6 16. h4 h5 17. Qc2 Qf7 18. b4 Qf6 19. Qa4 e5 20. dxe5 Qxe5 21. Qxc6 f4
22. Qxg6+ Kh8 23. Qh6+ Kg8 24. gxf4 Qf5 25. Qg5+ Qxg5 26. hxg5 Kg7 27. Rxh5 Rh8
28. Rbh1 Rxh5 29. Rxh5 Kg6 30. Rh6+ Kg7 31. Kd3 a5 32. b5 a4 33. Ra6 1-0

[Event "Challenge"]
[Site "http://www.queenalice.com/game.php?id=1867497"]
[Date "2026.1.1"]
[Round "-"]
[White "PaulMSains"]
[Black "simonjscott"]
[Result "1/2-1/2"]
[WhiteElo "2020"]
[BlackElo "2189"]

1. d4 Nf6 2. Bf4 b6 3. Nf3 e6 4. Nc3 Bb7 5. e3 Bb4 6. a3 Be7 7. Be2 O-O 8. O-O
d6 9. h3 Nbd7 10. Bd3 Nd5 11. Nxd5 Bxd5 12. e4 Bb7 13. Re1 Nf6 14. e5 dxe5 15.
dxe5 Nd5 16. Bg3 c6 17. c4 Nc7 18. Qc2 g6 19. Nh2 Re8 20. Rad1 Qc8 21. Ng4 Rd8
22. Nf6+ Kg7 23. Bh4 Ne8 24. Nxe8+ Rxe8 25. Bxe7 Rxe7 26. Re3 c5 27. Rg3 Qc7 28.
f4 Rd8 29. h4 Rd4 30. h5 Kf8 31. hxg6 hxg6 32. Qd2 Be4 33. Re1 Rxd3 34. Rxd3
Bxd3 35. Qxd3 Rd7 36. Qh3 Kg7 37. Qh4 Qd8 38. Qg4 Rd2 39. Re2 Rd1+ 40. Kh2 Qd4
41. Qh4 Qd8 42. Qxd8 Rxd8 43. g3 Rd4 44. b3 Rd3 45. Rb2 1/2-1/2

[Event "Challenge"]
[Site "http://www.queenalice.com/game.php?id=1867498"]
[Date "2026.1.1"]
[Round "-"]
[White "simonjscott"]
[Black "PaulMSains"]
[Result "1-0"]
[WhiteElo "2182"]
[BlackElo "2030"]

1. d4 Nf6 2. c4 b6 3. Nc3 Bb7 4. Qc2 e6 5. Bg5 Be7 6. e4 d6 7. Nf3 Nbd7 8. Be2
O-O 9. O-O h6 10. Bd2 e5 11. Rad1 c5 12. d5 Nh7 13. Qc1 g5 14. h3 f6 15. Nh2 a6
16. Ng4 Kg7 17. Ne3 Kg6 18. Nf5 Rf7 19. h4 h5 20. Kh2 Bf8 21. Rg1 g4 22. f3 Bc8
23. fxg4 hxg4 24. Bxg4 Ra7 25. h5# 1-0

[Event "Challenge"]
[Site "http://www.queenalice.com/game.php?id=1867817"]
[Date "2026.1.10"]
[Round "-"]
[White "simonjscott"]
[Black "PaulMSains"]
[Result "1-0"]
[WhiteElo "2184"]
[BlackElo "2027"]

1. d4 d5 2. c4 Nf6 3. Nc3 e6 4. Nf3 Bb4 5. Bg5 Bxc3+ 6. bxc3 dxc4 7. e4 h6 8.
Bxf6 Qxf6 9. Bxc4 O-O 10. O-O Nc6 11. Qd3 e5 12. Rfe1 Bg4 13. Re3 Rad8 14. h3
Bh5 15. d5 Ne7 16. Rd1 Ng6 17. g3 Bxf3 18. Rxf3 Qd6 19. Rf5 Ne7 20. Rf3 a6 21.
Bb3 Kh8 22. Qb1 Qg6 23. Bc2 Qh5 24. Kg2 f6 25. Qxb7 f5 26. exf5 Nxf5 27. Qxc7
Qg5 28. Rxf5 1-0

[Event "Challenge"]
[Site "http://www.queenalice.com/game.php?id=1867939"]
[Date "2026.1.14"]
[Round "-"]
[White "PaulMSains"]
[Black "simonjscott"]
[Result "0-1"]
[WhiteElo "2017"]
[BlackElo "2191"]

1. e4 e5 2. Nf3 Nf6 3. Nc3 Nc6 4. Bc4 Bc5 5. O-O d6 6. h3 O-O 7. Nd5 Nxe4 8. d3
Nxf2 9. Rxf2 Bxf2+ 10. Kxf2 Na5 11. Bg5 Qd7 12. Qd2 Nxc4 13. dxc4 f6 14. Bh4 Qf7
15. Kg1 Be6 16. Rf1 h6 17. Bf2 Rad8 18. b3 c6 19. Nc3 a6 20. Qe3 Qg6 21. Nh4
Qxc2 22. Rc1 Qh7 23. Qb6 Rd7 24. Na4 g5 25. Nf3 h5 26. c5 d5 27. Qb4 g4 28. hxg4
hxg4 29. Nh2 Rg7 30. g3 Qh3 31. Qd2 Rh7 32. Be1 Kg7 33. Qg2 Qh5 34. Bd2 Rfh8 35.
Nf1 d4 36. Re1 Bd5 0-1

[Event "Challenge"]
[Site "http://www.queenalice.com/game.php?id=1868076"]
[Date "2026.1.16"]
[Round "-"]
[White "simonjscott"]
[Black "PaulMSains"]
[Result "1-0"]
[WhiteElo "2198"]
[BlackElo "2008"]

1. d4 d5 2. c4 dxc4 3. Nf3 e6 4. e4 Bb4+ 5. Nc3 c5 6. Bxc4 Qa5 7. Bd2 Nf6 8. a3
Bxc3 9. Bxc3 Qb6 10. Qe2 O-O 11. dxc5 Qc6 12. Bxf6 gxf6 13. b4 f5 14. e5 Qe4 15.
O-O Qxe2 16. Bxe2 Nc6 17. Rfd1 Ne7 18. Nd4 Ng6 19. g3 Nxe5 20. f4 Ng6 21. Nb5 a6
22. Nd6 Ne7 23. Bf3 Rb8 24. Ra2 Nc6 25. Bxc6 bxc6 26. Nc4 f6 27. Rad2 Bb7 28.
Rd7 Rf7 29. Rd8+ Rxd8 30. Rxd8+ Rf8 31. Rd7 Rb8 32. Nd6 Bc8 33. Rd8+ Kg7 34.
Rxc8 Rxc8 35. Nxc8 e5 36. Ne7 1-0

[Event "Challenge"]
[Site "http://www.queenalice.com/game.php?id=1868199"]
[Date "2026.1.19"]
[Round "-"]
[White "PaulMSains"]
[Black "simonjscott"]
[Result "0-1"]
[WhiteElo "2000"]
[BlackElo "2204"]

1. d4 Nf6 2. Nc3 e6 3. Bd2 Be7 4. e3 b6 5. Bd3 Bb7 6. Nf3 O-O 7. O-O d6 8. Re1
Nbd7 9. h3 e5 10. e4 h6 11. d5 c6 12. dxc6 Bxc6 13. Bb5 Bb7 14. Nh4 a6 15. Bd3
Nc5 16. Nf5 Bc8 17. Nxe7+ Qxe7 18. Nd5 Nxd5 19. exd5 Nxd3 20. cxd3 Bf5 21. Bc3
Qg5 22. Qf3 Qg6 23. Re3 f6 24. Qg3 Qf7 25. Qf3 Bg6 26. d4 e4 27. Qg3 Rfd8 28. f3
exf3 29. Rxf3 Be4 30. Rf4 Bxd5 31. Raf1 Kh7 32. Qd3+ Kh8 33. Bd2 b5 34. Rh4 Bc4
35. Qf5 Bxf1 36. Bxh6 gxh6 37. Rxh6+ Kg8 38. Rxf6 Bc4 39. Rxf7 Bxf7 40. Qg5+ Kf8
41. Qh6+ Ke8 42. Qh8+ Kd7 43. Qg7 Rf8 44. h4 Kc6 45. g4 Bxa2 46. h5 Rg8 47. Qh7
Rxg4+ 48. Kh1 Rag8 49. Qc2+ Kb6 50. Qf2 Bd5+ 0-1

[Event "Challenge"]
[Site "http://www.queenalice.com/game.php?id=1868267"]
[Date "2026.1.21"]
[Round "-"]
[White "simonjscott"]
[Black "PaulMSains"]
[Result "1-0"]
[WhiteElo "2210"]
[BlackElo "1992"]

1. d4 Nf6 2. c4 g6 3. Nc3 Bg7 4. e4 d6 5. Nf3 O-O 6. Be2 Re8 7. O-O e5 8. Bg5 c6
9. dxe5 dxe5 10. Qxd8 Rxd8 11. Nxe5 Nbd7 12. Nxd7 Rxd7 13. Rad1 Rxd1 14. Rxd1
Be6 15. b3 h6 16. Bc1 Re8 17. h3 Kh7 18. e5 Nd7 19. f4 f6 20. exf6 Bxf6 21. Ne4
Be7 22. Bb2 Bf5 23. Bf3 Nc5 24. Nf6+ Bxf6 25. Bxf6 Nd3 26. g4 Re1+ 27. Rxe1 Nxe1
28. gxf5 Nxf3+ 29. Kf2 Nd2 30. fxg6+ Kxg6 31. Be5 Kf5 32. Ke3 Ne4 33. b4 a6 34.
a4 b6 35. b5 cxb5 36. cxb5 axb5 37. axb5 Nc5 38. Kd4 Nd7 39. Kd5 h5 40. Kc6
Nxe5+ 41. fxe5 Kxe5 42. Kxb6 1-0

[Event "Challenge"]
[Site "http://www.queenalice.com/game.php?id=1868434"]
[Date "2026.1.25"]
[Round "-"]
[White "jogo"]
[Black "PaulMSains"]
[Result "0-1"]
[WhiteElo "1788"]
[BlackElo "1981"]

1. e4 e5 2. Nf3 Nc6 3. c3 Nf6 4. Qa4 Bd6 5. Qc2 O-O 6. d4 Re8 7. d5 Ne7 8. Bg5
Nh5 9. Nbd2 f6 10. Be3 Nf4 0-1

[Event "Challenge"]
[Site "http://www.queenalice.com/game.php?id=1868435"]
[Date "2026.1.25"]
[Round "-"]
[White "PaulMSains"]
[Black "jogo"]
[Result "1-0"]
[WhiteElo "1972"]
[BlackElo "1797"]

1. Nf3 Nf6 2. g3 g6 3. Bg2 d6 4. O-O Bg7 5. Nc3 O-O 6. d4 c6 7. Bd2 b5 8. a3 a5
9. b4 axb4 10. axb4 Rxa1 11. Qxa1 Bf5 12. Qb2 Na6 13. Ra1 Nc7 14. e3 Ncd5 15.
Nxd5 Nxd5 16. Re1 Nb6 17. Qb3 Be6 18. Qc3 Nc4 19. Ng5 Bd7 20. Bc1 e5 21. f4 1-0

[Event "Challenge"]
[Site "http://www.queenalice.com/game.php?id=1868644"]
[Date "2026.1.29"]
[Round "-"]
[White "PaulMSains"]
[Black "simonjscott"]
[Result "0-1"]
[WhiteElo "1985"]
[BlackElo "2215"]

1. e4 e5 2. Nf3 Nf6 3. d3 Nc6 4. Be3 Bb4+ 5. c3 Be7 6. Nbd2 O-O 7. Be2 d5 8. O-O
Bg4 9. h3 Bd7 10. exd5 Nxd5 11. c4 Nxe3 12. fxe3 Bg5 13. Nxg5 Qxg5 14. Rf3 f5
15. Kh2 Rf6 16. Rg3 Qh6 17. Qb3 Raf8 18. Rf3 e4 19. dxe4 fxe4 20. Nxe4 Rxf3 21.
Bxf3 Ne5 22. Rf1 Nxf3+ 23. Rxf3 Rxf3 24. c5+ Kh8 25. Qxb7 Rxh3+ 26. Kg1 Qxe3+
0-1

[Event "Challenge"]
[Site "http://www.queenalice.com/game.php?id=1868645"]
[Date "2026.1.29"]
[Round "-"]
[White "simonjscott"]
[Black "PaulMSains"]
[Result "1-0"]
[WhiteElo "2220"]
[BlackElo "1978"]

1. d4 d5 2. c4 dxc4 3. e4 e5 4. Nf3 Be6 5. Nxe5 Bb4+ 6. Nc3 Bxc3+ 7. bxc3 Nf6 8.
Qc2 b5 9. g3 Qd6 10. Bg2 Nc6 11. Nxc6 Qxc6 12. d5 Nxd5 13. exd5 Bxd5 14. Bxd5
Qxd5 15. Qe2+ Qe6 16. Qxe6+ fxe6 17. O-O O-O-O 18. Be3 Kb7 19. a4 a6 20. axb5
axb5 21. Ra7+ Kc8 22. Bf4 Kd7 23. Rd1+ Ke7 24. Bg5+ 1-0

[Event "Challenge"]
[Site "http://www.queenalice.com/game.php?id=1868875"]
[Date "2026.2.4"]
[Round "-"]
[White "PaulMSains"]
[Black "simonjscott"]
[Result "0-1"]
[WhiteElo "1982"]
[BlackElo "2230"]

1. Nf3 Nf6 2. g3 g6 3. Bg2 Bg7 4. O-O O-O 5. d3 d6 6. e4 c5 7. Nc3 Bg4 8. h3 Bd7
9. Bd2 Nc6 10. Qc1 Qc8 11. Kh2 Re8 12. Bh6 a6 13. Bxg7 Kxg7 14. Rh1 Nd4 15. Nxd4
cxd4 16. Ne2 e5 17. Kg1 h5 18. f4 Rh8 19. f5 a5 20. Qg5 Qxc2 21. Bf3 Qxd3 22.
Kf2 Nxe4+ 23. Bxe4 Qxe4 24. f6+ Kg8 25. g4 Bc6 26. Rag1 hxg4 27. Ng3 Qc2+ 28.
Ne2 Bxh1 0-1

[Event "Challenge"]
[Site "http://www.queenalice.com/game.php?id=1868915"]
[Date "2026.2.5"]
[Round "-"]
[White "simonjscott"]
[Black "PaulMSains"]
[Result "1-0"]
[WhiteElo "2225"]
[BlackElo "1989"]

1. d4 c6 2. e4 d5 3. exd5 cxd5 4. c4 Bf5 5. Nc3 e6 6. Bd3 Bxd3 7. Qxd3 Bb4 8.
Bd2 Nf6 9. a3 Be7 10. Nf3 Nc6 11. O-O O-O 12. Rac1 Rc8 13. Rfe1 dxc4 14. Qxc4
Ne5 15. Qe2 Nxf3+ 16. Qxf3 Rc7 17. Be3 Bd6 18. Nb5 Rxc1 19. Rxc1 Qd7 20. Nxa7
Ra8 21. d5 Rxa7 22. dxe6 Bxh2+ 23. Kxh2 Qd6+ 24. Kg1 Ra8 25. exf7+ 1-0

[Event "Challenge"]
[Site "http://www.queenalice.com/game.php?id=1869030"]
[Date "2026.2.9"]
[Round "-"]
[White "simonjscott"]
[Black "PaulMSains"]
[Result "1/2-1/2"]
[WhiteElo "2235"]
[BlackElo "1976"]

1. d4 Nf6 2. c4 g6 3. Nc3 Bg7 4. e4 d6 5. f3 O-O 6. Be3 b6 7. Bd3 Bb7 8. Nge2
Nc6 9. O-O e6 10. a3 a5 11. Rc1 Rc8 12. Qd2 Nd7 13. Bh6 Qh4 14. Bxg7 Kxg7 15. g3
Qf6 16. Bb1 Ba6 17. Nb5 Bxb5 18. cxb5 Na7 19. a4 Qe7 20. Nf4 Nf6 21. Rfe1 Rcd8
22. Qc3 Rd7 23. d5 e5 24. Nd3 h5 25. f4 exf4 26. Nxf4 Qe5 27. Nd3 Qxc3 28. bxc3
Re8 29. Nf2 Rde7 30. Rcd1 Re5 31. Kf1 Ng4 32. Nxg4 hxg4 33. Re2 f5 34. Rde1 Kf6
35. exf5 Rxe2 36. Rxe2 Rxe2 37. Kxe2 gxf5 38. Ke3 Ke5 39. c4 Nc8 40. Bd3 Ne7 41.
Be2 Ng6 42. Bd1 Kf6 43. Be2 Ke5 44. Bd1 Ne7 45. Be2 Ng8 46. Bd1 Nh6 47. Be2 Nf7
1/2-1/2

[Event "Challenge"]
[Site "http://www.queenalice.com/game.php?id=1869033"]
[Date "2026.2.9"]
[Round "-"]
[White "PaulMSains"]
[Black "simonjscott"]
[Result "1/2-1/2"]
[WhiteElo "1986"]
[BlackElo "2227"]

1. e4 e5 2. Nf3 Nf6 3. d3 Nc6 4. Be2 d5 5. Bg5 Be7 6. Nbd2 O-O 7. O-O h6 8. Bxf6
Bxf6 9. exd5 Qxd5 10. Ne4 Be7 11. c4 Qe6 12. Nfd2 Nd4 13. Re1 Qg6 14. Bh5 Qb6
15. Nb3 Nxb3 16. Qxb3 Qxb3 17. axb3 g6 18. Bf3 f5 19. Nd2 Bf6 20. Bd5+ Kh7 21.
g3 c6 22. Bg2 Be6 23. Ra2 Rad8 24. Re3 Bf7 25. Nf3 Rd7 26. Rxa7 Re8 27. Ra5 e4
28. dxe4 Rxe4 29. Rxe4 fxe4 30. Ne5 Bxe5 31. Rxe5 Rd1+ 32. Bf1 Rd2 33. Re7 Kg7
34. Rxb7 Rxb2 35. Bh3 Kf6 36. Rb6 Be8 37. c5 Ke5 38. b4 g5 39. Bf1 Kd5 40. Rb8
Bh5 41. Rd8+ Ke5 42. Rd6 Rxb4 43. Rxh6 Bf3 44. h4 gxh4 45. gxh4 Kd5 46. Kh2 Kxc5
47. Bg2 Be2 48. h5 Bd3 49. Rh8 Rb2 50. Kg3 Kc4 51. h6 c5 52. Re8 Rb7 53. Bxe4
Bxe4 54. Rxe4+ Kd5 55. Rh4 Rh7 56. Kf3 Ke6 57. Ke4 c4 58. Kd4 Kf6 59. Kxc4 Kg5
60. Rh2 Rxh6 61. Rxh6 Kxh6 62. Kd4 Kg5 63. Ke4 Kf6 64. f4 Ke6 65. f5+ Kf6 66.
Kf4 Kf7 67. Kg5 Kg7 68. f6+ Kf7 69. Kf5 Kf8 70. Kg6 Kg8 71. f7+ Kf8 72. Kh7 Kxf7
73. Kh6 1/2-1/2

[Event "Challenge"]
[Site "http://www.queenalice.com/game.php?id=1869352"]
[Date "2026.2.16"]
[Round "-"]
[White "simonjscott"]
[Black "PaulMSains"]
[Result "1-0"]
[WhiteElo "2220"]
[BlackElo "1996"]

1. d4 d5 2. c4 dxc4 3. Nf3 e6 4. e3 Bb4+ 5. Bd2 Bxd2+ 6. Qxd2 Nf6 7. Nc3 O-O 8.
Bxc4 b6 9. O-O Bb7 10. Be2 Nbd7 11. Rac1 Rc8 12. Rfd1 Re8 13. Qc2 h6 14. h3 Qe7
15. Nb5 Ba6 16. Nxa7 Bxe2 17. Qxe2 Ra8 18. Rxc7 Nd5 19. Rb7 Qd6 20. Nb5 Qc6 21.
Ra7 Red8 22. a3 N7f6 23. Ne5 Qe8 24. Rxf7 Ra5 25. Nc7 Qa4 26. Rxg7+ Kxg7 27.
Nxe6+ Kh7 28. Qd3+ 1-0

[Event "Challenge"]
[Site "http://www.queenalice.com/game.php?id=1869507"]
[Date "2026.2.20"]
[Round "-"]
[White "PaulMSains"]
[Black "simonjscott"]
[Result "1-0"]
[WhiteElo "1976"]
[BlackElo "2235"]

1. c4 c5 2. Nc3 Nc6 3. e3 e5 4. b3 Nf6 5. Bb2 Be7 6. Be2 O-O 7. h3 d5 8. cxd5
Nxd5 9. Nf3 Nxc3 10. dxc3 Bf5 11. Qxd8 Raxd8 12. Rd1 e4 13. Nh2 Ne5 14. c4 Nd3+
15. Bxd3 Rxd3 16. Rxd3 exd3 17. Kd2 Rd8 18. Rd1 b6 19. Nf3 h6 20. Ne5 Bf6 21. f4
Be4 22. g3 a6 23. Bc3 b5 24. Ba5 Re8 25. Nxd3 Bxd3 26. Kxd3 b4 27. Bb6 Be7 28.
Ke2 Rb8 29. Bc7 Rb7 30. Be5 f5 31. Kf3 g6 32. g4 fxg4+ 33. hxg4 Kf7 34. Rd5 h5
35. gxh5 gxh5 36. f5 Rb6 37. Kg2 Rh6 38. Kh3 Rc6 39. Bf4 Rc8 40. f6 Bxf6 41.
Rxh5 Kg6 42. Rd5 Rh8+ 43. Kg2 Be7 44. Bd6 Re8 45. Bxc5 Bxc5 46. Rxc5 Rxe3 47.
Rc6+ Kf7 48. Rxa6 Rc3 49. Kf2 Ke7 50. Ke2 Kd7 51. Kd2 Kc7 52. Ra4 Rh3 53. Rxb4
Rh2+ 54. Kc3 Rxa2 55. Ra4 Rh2 56. Kb4 Rh4 57. Kb5 Kb7 58. c5 Rh6 59. b4 Rc6 60.
Ra5 Rh6 61. Ka4 Rc6 62. Rb5+ Ka6 63. Rb8 Ka7 64. Rh8 Ra6+ 65. Kb3 Rg6 66. b5 Rg5
67. Kb4 Rg4+ 68. Ka5 Rg1 69. b6+ Kb7 70. Rh7+ Kc6 71. Rc7+ Kd5 72. b7 Ra1+ 73.
Kb6 Rb1+ 74. Ka7 Ra1+ 75. Kb8 Rh1 76. c6 Kd6 77. Rc8 Rh2 78. c7 1-0

[Event "Challenge"]
[Site "http://www.queenalice.com/game.php?id=1869508"]
[Date "2026.2.20"]
[Round "-"]
[White "simonjscott"]
[Black "PaulMSains"]
[Result "1-0"]
[WhiteElo "2225"]
[BlackElo "1989"]

1. d4 d6 2. c4 e5 3. Nf3 exd4 4. Nxd4 c5 5. Nf3 Be6 6. e3 Nc6 7. Nc3 Nf6 8. Be2
Be7 9. O-O O-O 10. a3 d5 11. cxd5 Nxd5 12. Nxd5 Bxd5 13. Bd2 Bf6 14. Qc2 Qb6 15.
Bc3 Bxc3 16. Qxc3 Rad8 17. Rac1 Na5 18. Qxc5 Qxc5 19. Rxc5 Nb3 20. Rc7 Bc6 21.
Ne5 Bd5 22. Rd1 f6 23. Nc4 Bc6 24. Nd6 Na5 25. b4 Nb3 26. Bc4+ 1-0

[Event "Challenge"]
[Site "http://www.queenalice.com/game.php?id=1869741"]
[Date "2026.2.25"]
[Round "-"]
[White "simonjscott"]
[Black "PaulMSains"]
[Result "1-0"]
[WhiteElo "2230"]
[BlackElo "1982"]

1. d4 d5 2. c4 Nf6 3. Nc3 e6 4. Bg5 Be7 5. e3 O-O 6. Nf3 Ne4 7. Bxe7 Nxc3 8.
Bxd8 Nxd1 9. Be7 Nxb2 10. Bxf8 Kxf8 11. cxd5 exd5 12. Rb1 Na4 13. Kd2 Nb6 14.
Bd3 Nc6 15. Rhc1 Be6 16. Ng5 g6 17. Nxh7+ Kg7 18. Ng5 Rh8 19. Nxe6+ Kg8 20. Nxc7
Rxh2 21. Ke2 Rxg2 22. Kf3 Rh2 23. Rh1 Rxh1 24. Rxh1 Nb4 25. Bb1 Nc4 26. Ne8 f5
27. Kf4 Kf7 28. Nc7 Kf6 29. Nb5 a6 30. Nc3 Nd2 31. a3 Nc6 32. Nxd5+ Ke6 33. Ba2
Ne4 34. Nc3+ 1-0

[Event "Challenge"]
[Site "http://www.queenalice.com/game.php?id=1870070"]
[Date "2026.3.4"]
[Round "-"]
[White "simonjscott"]
[Black "PaulMSains"]
[Result "1/2-1/2"]
[WhiteElo "2215"]
[BlackElo "2002"]

1. d4 d5 2. c4 dxc4 3. Nf3 e6 4. e3 Bb4+ 5. Bd2 Bxd2+ 6. Qxd2 Nf6 7. Nc3 O-O 8.
Bxc4 Nc6 9. O-O b6 10. a3 Bb7 11. h3 Na5 12. Qe2 Nxc4 13. Qxc4 Bxf3 14. gxf3 h6
15. Kh1 Nh7 16. f4 Rc8 17. Rg1 Qh4 18. Rg3 Nf6 19. Qf1 Qh5 20. Qg2 g6 21. Rg1
Kh7 22. e4 c5 23. dxc5 Rxc5 24. Qf3 Qxf3+ 25. Rxf3 Nh5 26. Rd1 f5 27. Rd7+ Kg8
28. exf5 Rcxf5 29. Rxa7 Nxf4 30. Rb7 Rh5 31. Kh2 g5 32. Rxb6 g4 33. Rg3 Rxh3+
34. Rxh3 Nxh3 35. Ne4 Nxf2 36. Rxe6 Nxe4 37. Rxe4 Rf2+ 38. Kg3 Rxb2 39. Rxg4+
1/2-1/2